000 01010nam a2200253Ia 4500
003 OSt
005 20220923211045.0
006 a|||||r|||| 00| 0
007 ta
008 220922b |||||||| |||| 00| 0 san d
020 _a8174876235 (hbk)
_c350
024 _a240,271
037 _b205, 12/09/2009, Eastern Book Linkers
_cTextual
040 _aARTS
_cARTS
_bsan
041 _2san
_asan
082 _aR66xJ25,1, 152P9
100 _aसदानन्द; पाण्डेय, मिथिलेश, संपा.
_9157701
245 0 _aवेदान्तदर्शनम्
_b वेदान्तसार
246 _aVedāntadarshanam: vedāntasāra
260 _aनई दिल्ली
_b राधा पब्लिकेशन्स
_c2009
300 _a194पृ0
_ccm.
942 _hR66xJ25,1, 152P9
_cTEXL
_2CC
999 _c294624
_d294624